1704 1365 1895 1086 1018 1263 1339 1186 1646 1499 1950 1273 1048 1789 1705 1367 1782 1603 1977 1442 1295 1954 1333 1929 1558 1766 1789 1490 1983 1244 1662 1095 1343 1119 1388 1314 1267 1318 1407 1580 1675 1472 1385 1300 1241 1054 1155 1346 1849 1818 1026 1920 1400 1895 1484 1773 1820 1622 1207 1573 1467 1350 1778 1120 1162 1862 1069 1483 1018 1277 1852 1661 1294 1877 1205 1949 1076 1294 1997 1480 1352 1347 1123 1892 1207 1645 1219 1730 1589 1014 1055 1467 1263 1987 1176 1418 1809 1951 1595 BCNSPRNW ULIB Ver.6.0+V

เปลี่ยนเป็นภาษาไทย

Change to English
 แสดงรายละเอียดบรรณานุกรม
  กลับหน้าหลัก

Brief Record : Get Marc (ISO 2709) : E-mail record : QR code < ปิดหน้าต่าง
LEADER : 00000nam 2200000uu 4500
001    13399128453
003     ULIB
008    020711s2023 th a 000 0 eng d
020    ^a9780323810319
060    ^aWY160^bF746V
245    ^aVarcarolis essentials of psychiatric-mental health nursing : a communication approach to evidence-based care
250    ^a5th ed
260    ^aSt. Louis, Missouri :^bElsevier,^c2023
300    ^a491 pages;^c29 cm
650    ^aPsychiatric Nursing
945    ^p3980^l0^i010204
999    ^aประนอม เกษจรัล
รายการนี้ยังไม่มีแท็ก
คุณยังไม่ได้ล็อกอิน คุณสามารถมีกิจกรรมร่วมกับเว็บไซต์ได้ แต่ต้องล็อกอินก่อน ::
  ล็อกอิน

รายการสื่อสารสนเทศ

ลำดับที่ ประเภท เลขเรียก/บาร์โค้ด สถานที่ สถานะ
1. Book การพยาบาล
หนังสือสำรอง
สถานะ=หนังสือสำรอง
WY160 F746V ฉ.1 
  Barcode: 010204
ห้องสมุดวิทยาเขตสวรรค์ประชารักษ์
►หนังสือทั่วไป
ถูกยืม กำหนดส่งวันที่ 1 มีนาคม 2569
  จอง

รายการใกล้เคียง
    หัวเรื่อง [Psychiatric Nursing]

BibComment


ยังไม่เคยถูกคอมเมนท์

คอมเมนท์ทรัพยากรรายการนี้
  คอมเมนท์: Varcarolis essen..


 Copyright 2026. Bcnsprnw @Library